Proceedings of the Egyptian-Italian Seminar on Geosciences and Archaeology in the Mediterranean Countries : Cairo, November 28-30, 1993

محفوظ في:

مؤلف مشترك: Egyptian-Italian Seminar on Geosciences and Archaeology in the Mediterranean Countries Cairo, Egypt)

التنسيق: وقائع المؤتمر كتاب

اللغة: English

منشور في: Cairo : The Geological Survey of Egypt, 1995.

سلاسل: Special publication ; 70.

الموضوعات:

الوسوم: إضافة وسم

لا توجد وسوم, كن أول من يضع وسما على هذه التسجيلة!

رقم الطلب: CC77.5 .E35 1993

LEADER 01020nam a2200229Ia 4500
003 OSt
005 20251026070544.0
008 211223s1995 ua a b 100 0 eng d
040 |c ARCE Library 
050 4 |a CC77.5 .E35 1993 
111 2 |a Egyptian-Italian Seminar on Geosciences and Archaeology in the Mediterranean Countries   |d (1993 :   |c Cairo, Egypt) 
245 1 0 |a Proceedings of the Egyptian-Italian Seminar on Geosciences and Archaeology in the Mediterranean Countries :   |b Cairo, November 28-30, 1993   |c editors, Abdel Aziz A. Hussein, Michele Miele, Samir Riad. 
264 1 |a Cairo :   |b The Geological Survey of Egypt,   |c 1995. 
300 |a xvii, 535 p. :   |b ill. ;   |c 30 cm. 
490 0 |a Special publication ;   |v 70. 
504 |a Includes bibliographical references. 
650 0 |a Archaeology   |z Mediterranean Region   |v Congresses. 
650 0 |a Earth sciences   |z Mediterranean Region   |v Congresses. 
651 0 |a Mediterranean Region   |x Antiquities   |v Congresses. 
901 |a reviewed 
942 |2 lcc  |c BK 
999 |c 41262  |d 41262